Socrates /
Guardado en:
| Autor Principal: | |
|---|---|
| Formato: | Libro |
| Publicado: |
Buenos Aires :
Losange,
1965
|
| Materias: | |
| Etiquetas: |
Agregar Etiqueta
Sin Etiquetas, Sea el primero en etiquetar este registro!
|
| LEADER | 00472nam a22001815a 4500 | ||
|---|---|---|---|
| 001 | CEM.cems004492 | ||
| 005 | 20060216000000.0 | ||
| 008 | 130507s1965##################000#0#####d | ||
| 003 | CEMS | ||
| 082 | 0 | 4 | |a 183 |
| 100 | 1 | |a Mondolfo Rodolfo | |
| 245 | 1 | 0 | |a Socrates / |
| 260 | |a Buenos Aires : |b Losange, |c 1965 | ||
| 300 | |a 79 p. | ||
| 653 | |a Filosofia | ||
| 653 | |a Filosofia antigua | ||
| 653 | |a Filosofia socratica | ||
| 859 | |a CEMS |b BIB. CEMS - 11 de abril |h 183 |i M745-1 |p 14900.87 |t Ej.1 | ||
